区划代码对应的地级行政区:辽宁 - Statistics

General Stats
  • This quiz has been taken 10 times
  • The average score is 13 of 14
Answer Stats
区划代码 行政区名称 % Correct
2101 沈阳市
100%
2102 大连市
100%
2103 鞍山市
100%
2104 抚顺市
100%
2105 本溪市
100%
2106 丹东市
100%
2107 锦州市
100%
2108 营口市
100%
2109 阜新市
100%
2110 辽阳市
90%
2111 盘锦市
80%
2112 铁岭市
80%
2113 朝阳市
80%
2114 葫芦岛市
80%
No matching quizzes found
Score Distribution
Percent of People with Each Score
Percentile by Number Answered
Your Score History
You have not taken this quiz